000 00647nam a2200229Ia 4500
003 OSt
005 20220928135814.0
006 a|||||r|||| 00| 0
007 ta
008 220927b |||||||| |||| 00| 0 eng d
024 _a4885
037 _cTextual
040 _aSDCL
_cSDCL
_beng
041 _2eng
_aeng
082 _aX:57.1(X)'N9, N0
100 _aPhylaktis Kate Ed.
_9492826
245 0 _aInternational finance and the less developed countries
260 _c1990
700 _a Pradhan Mahmood Ed.
_9492827
942 _hX:57.1(X)'N9, N0
_cTEXL
_2CC
999 _c808505
_d808505